MARC

LEADER 00000nam0a2200000 4500
001 197266
005 20231101224737.0
010 |a 9780521698429 
035 |a (RuTPU)RU\TPU\book\215170 
035 |a RU\TPU\book\215137 
090 |a 197266 
100 |a 20110608d2009 m y0engy50 ba 
101 0 |a eng 
102 |a GB 
105 |a a j 000zy 
200 1 |a Complete CAE  |e Student's Book without answers  |f G. Brook-Hart, S. Haines 
210 |a Cambridge  |c Cambridge University Press  |d 2009 
215 |a 208 p.  |c ил.  |e CD 
606 |a Английский язык  |x Учебные руководства и пособия  |x Учебные руководства и пособия для высшей школы  |2 stltpush  |3 (RuTPU)RU\TPU\subj\29071  |9 52483 
610 1 |a лексика 
610 1 |a грамматика 
610 1 |a разговорная речь 
610 1 |a упражнения 
610 1 |a CD-ROM 
686 |a Ш143.21-923  |v LBC/SL-A  |2 rubbk 
700 1 |a Brook-Hart  |b G.  |g Guy 
701 1 |a Haines  |b S.  |g Simon 
801 1 |a RU  |b 63413507  |c 20110607 
801 2 |a RU  |b 63413507  |c 20170615  |g RCR 
942 |c BK